LEADER 01294nam a2200301 a 4500 001 000000124106 003 CaOOAMICUS 005 20110131162721.0 008 110127t2010 it u000 u ita r 020 $a978-88-15-13876-7 040 $aPUL$bita 082 04$a340.54 100 1 $aSantucci, Gianni.$0(OLS)http://pul/name/78325 245 10$aDiritto romano e diritti europei :$bcontinuità e discontinuità nelle figure giuridiche /$cGianni Santucci. 260 $aBologna :$bIl Mulino,$c©2010. 300 $a198 p. ;$c21 cm 490 1 $aItinerari. Diritto 504 $aBibliografia in nota. 650 4$aDiritto romano$xStudio e critica.$0(OLS)http://pul/subject/12305 830 0$aItinerari.$pDiritto.$0(OLS)http://pul/title/136387 850 $aPUL 852 $aPUL$W1$xSL Diritto e Scienze Sociali 3$y79$m340. 54 SANGI 1$j142928$qDDC 21$B141918$CPULBib$Z2$F141918 $H115796 $82 941 1 $a9 996 $6020$a978-88-15-13876-7$9(OLS)http://pul/number/146212 996 $6082$a340.54$9(OLS)http://pul/classification/477 996 $6245$aDiritto romano e diritti europei :$bcontinuità e discontinuità nelle figure giuridiche$9(OLS)http://pul/title/156450 996 $6260$aBologna :$bIl Mulino$9(OLS)http://pul/publisher/47928 LEADER 01028nam a2200253 u 4500 001 000000053431 003 CaOOAMICUS 005 20070226115547.0 008 001115s1962 it u000 u ita u 035 $a10861326 040 $aPUL(R)$bita 100 1 $aRusso, Antonio.$0(OLS)http://pul/name/2141 245 13$aLa filosofia della retorica in Aristotele /$cAntonio Russo. 260 $aNapoli :$bS.A.E.I. Società Arte Editoriale Libraria,$c1962. 300 $a173 p. ;$c25 cm 500 $aContiene indici. 504 $aBibliografia in nota. 600 04$aAristoteles,$d384-322 a.C.$xFilosofia.$0(OLS)http://pul/subject/75 850 $aPUL 852 $aPUL$W1$xDP1 Fondo Giannini$y60$m1553 G 2$j70504$nBK-PRI$b $qFondi$B70504$CPULBib$Z2$F70504 $H $81 941 1 $a1 961 $aINV: F. Giannini 996 $6245$aLa filosofia della retorica in Aristotele$9(OLS)http://pul/title/71689 996 $6260$aNapoli :$bS.A.E.I. Società Arte Editoriale Libraria$9(OLS)http://pul/publisher/68556